|
|
|
|
| LEADER |
00000cam a2200000 a 4500 |
| 001 |
vtls009144676 |
| 003 |
SK-MaSNL |
| 005 |
20260302042939.0 |
| 008 |
240313s2007 xr oabc f 001 0 slo |
| 015 |
|
|
|a SNBZSA2008-00121
|
| 020 |
|
|
|a 9788071068990
|q (viaz.)
|
| 035 |
|
|
|a F4300A24-A2DB-4464-B2C5-9B6B6F482151
|
| 035 |
|
|
|a urn:nbn:sk:snk-amlg0l
|
| 035 |
|
|
|a urn:nbn:sk:snk-am0093db
|
| 040 |
|
|
|a SNK
|b slo
|c SNK
|e AACR2
|
| 041 |
0 |
|
|a slo
|
| 043 |
|
|
|a e-xo---
|
| 044 |
|
|
|a xr
|c CZ
|
| 072 |
|
7 |
|a 94(437)
|x Dejiny Česka a Slovenska
|2 konspekt
|
| 080 |
|
|
|a 94(437.6)
|2 2001
|
| 080 |
|
|
|a (048.8)
|2 2001
|
| 100 |
1 |
|
|a Kováč, Dušan,
|d 1942-
|4 aut
|9 88196
|
| 245 |
1 |
0 |
|a Dejiny Slovenska
|c Dušan Kováč
|
| 250 |
|
|
|a 2., dopl. a rozšír. vyd.
|
| 260 |
|
|
|a Praha
|b Nakladatelství Lidové noviny
|c 2007
|
| 300 |
|
|
|a 423 s.
|b ilustr., mp., portr.
|c 22 cm
|
| 490 |
1 |
|
|a Dejiny štátov
|
| 500 |
|
|
|a Na obálke reprodukcia obrazu P.M. Bohúňa; mapa na predsádkach
|
| 500 |
|
|
|a Genealogické tab.
|
| 504 |
|
|
|a Bibliogr. s. 386-393. Reg.
|
| 650 |
0 |
7 |
|a dejiny
|2 SNKPH
|9 3825
|
| 651 |
|
7 |
|a Slovensko
|x dejiny
|2 snkph
|9 13278
|
| 655 |
|
7 |
|a monografie
|2 SNKPH
|9 70139
|
| 830 |
|
0 |
|a Dejiny štátov
|9 522797
|
| 919 |
|
|
|a 978-80-7106-899-0
|
| 958 |
|
|
|a ZS
|
| 958 |
|
|
|a NB
|
| 958 |
|
|
|a OND
|
| 999 |
|
|
|c 1084809
|d 1086739
|
| 952 |
|
|
|a SNK
|b SNK
|y PREZ
|7 0
|p 17A0570305
|o snkSC 131016
|i snk2008/6860
|8 3
|g 16.56
|0 0
|1 0
|4 0
|d 2008-03-26
|f 1
|l 0
|r 2025-06-19 00:00:00
|w 2026-02-24
|
| 952 |
|
|
|a SNK
|b SNK
|y VYP
|7 0
|p 17A0570174
|o snkSC 131016 D1
|i snk2008/8086
|8 3
|g 16.56
|0 0
|1 0
|4 0
|d 2008-04-09
|l 0
|r 2026-02-24 16:37:40
|w 2026-02-24
|
| 952 |
|
|
|t snkKOV 94(437.6)
|a SNKUST
|b SNKUST
|y PREZ
|7 0
|p 17A0570216
|o snkSC 131016 D2
|i snk2008/3330
|8 3
|g 16.56
|0 0
|1 0
|4 0
|d 2008-02-11
|l 0
|r 2025-04-29 00:00:00
|w 2026-02-24
|